Fetschrift für Leopold Wenger. Zu seinem 70 geburtstag dargebracht von Freuden, Fachgenossen und Schülern

I tiakina i:
Ngā taipitopito rārangi puna kōrero
Hōputu: Pukapuka
Reo:Tiamana
Itāriana
I whakaputaina: Múnich C. H. Beck'sche Verlagbuchhandlung 1945
Rangatū:Münchener Beiträge zur Papyrusforschung und Antuken Rechtsgeschichte, 34-35
Ngā marau:
Ngā Tūtohu: Tāpirihia he Tūtohu
Kāore He Tūtohu, Me noho koe te mea tuatahi ki te tūtohu i tēnei pūkete!

MARC

LEADER 00000nam a2200000 a 4500
001 UCR2848
003 CL-VaPUC
008 980116e19450000GW |||||||||||||||||ger|d
041 0 7 |a ger  |2 CL-VaPUC 
041 0 7 |a ita  |2 CL-VaPUC 
082 0 4 |a 340.54  |b FET  |2 21 
245 1 0 |a Fetschrift für Leopold Wenger. Zu seinem 70 geburtstag dargebracht von Freuden, Fachgenossen und Schülern 
300 |a v 
942 |c BK 
945 |d 19980116 00:00:00  |a aolguin 
260 |a Múnich  |b C. H. Beck'sche Verlagbuchhandlung  |c 1945 
650 0 |a Derecho romano  |9 255930 
650 0 |a Historia del derecho  |9 255109 
650 0 |a Instituciones jurídicas  |9 380718 
650 0 |a Actos jurídicos  |9 255748 
650 0 |a Derecho civil  |9 255013 
650 0 |a Derecho justiniano  |9 397596 
650 0 |a Acción civil  |9 384857 
583 |a last modification  |c 20160105 12:04:46  |k Rodrigo Vera 
490 0 |a Münchener Beiträge zur Papyrusforschung und Antuken Rechtsgeschichte, 34-35 
999 |c 265972  |d 265970 
952 |0 0  |1 0  |4 0  |6 340_540000000000000_FET_1945  |7 0  |8 DER_ROM  |9 297201  |a BIBDER  |b BIBDER  |d 2019-11-20  |h v.2  |i 1936204  |o 340.54 FET 1945  |p 1936204  |r 2023-01-25  |w 2019-11-20  |x Ubicación 4to piso  |y BK  |z Este recurso debe solicitarse con anticipación  |k DER 
952 |0 0  |1 0  |4 0  |6 340_540000000000000_FET_1945  |7 0  |8 A  |9 297202  |a BIBDER  |b BIBDER  |d 2019-11-20  |h v.1  |i 1950096  |o 340.54 FET 1945  |p 1950096  |r 2023-01-25  |w 2019-11-20  |y BK  |k DER